000 00371nam a22001577a 4500
003 MPLRDC
005 20220104144554.0
008 210129b ||||| |||| 00| 0 eng d
082 _a271.9 LQR
100 _a罗前人主讲
245 _a归根认中的提灯者
_c
260 _a
_b不详
_c
300 _b
650 _a中国其他宗教
942 _cBK
_o271.9 LQR
999 _c50869
_d50859